LIBRARY & INFORMATION CENTRE, KCAET, TAVANUR

ONLINE PUBLIC ACCESS CATALOGUE (OPAC)

Nutritional physiology of farm animals / (Record no. 10067)

MARC details
000 -LEADER
fixed length control field 00464cam a2200181ua 4500
020 ## - INTERNATIONAL STANDARD BOOK NUMBER
ISBN 0 582 45587 1
041 ## - LANGUAGE CODE
Language code of text/sound track or separate title eng
082 ## - DEWEY DECIMAL CLASSIFICATION NUMBER
Classification number 636.085
Item number ROO/NU
100 ## - MAIN ENTRY--AUTHOR NAME
Personal name Rook, J A F .
245 ## - TITLE STATEMENT
Title Nutritional physiology of farm animals /
250 ## - EDITION STATEMENT
Edition statement 1 /
260 ## - PUBLICATION, DISTRIBUTION, ETC. (IMPRINT)
Place of publication London :
Name of publisher Longman Group Limited ,
Year of publication 1983.
300 ## - PHYSICAL DESCRIPTION
Number of Pages 704 ; .
700 1# - ADDED ENTRY--PERSONAL NAME
Personal name Thomas, P C .
942 ## - ADDED ENTRY ELEMENTS (KOHA)
Koha item type Books
Holdings
Withdrawn status Lost status Damaged status Home library Current library Date acquired Full call number Accession Number Koha item type
      KAUAET KAUAET 27/03/1987 636.085 16224 Books
free website counter